000
00241nam a22000857a 4500
008
160629b xxu||||| |||| 00| 0 eng d
100
_9
1304
_a
Sengupta, P
245
_a
My Journey to the Magnetic North Pole
260
_a
N.D
_b
National Book Trust
_c
1996
999
_c
1069
_d
1069